000 00743nam a2200289Ia 4500
005 20260324122709.0
008 008 260324s9999 xx 000 0 eng d
020 _a9780203636596
037 _aEBOOK
040 _aCRL
040 _beng
040 _cCRL
041 _2eng
041 _aeng
084 _qCRL
100 _aRoshdi Rashed; Nader El-Bizri
_91167453
245 0 _aFounding Figures and Commentators in Arabic Mathematics
245 2 _bA History of Arabic Sciences and Mathematics Volume 1
260 _bTaylor and Francis
260 _c2012
365 _a
365 _b240
856 _uhttp://www.taylorfrancis.com/books/9780203636596
942 _cEBOOK
999 _c1760394
_d1760394